| 000 | 00573nam a2200217Ia 4500 | ||
|---|---|---|---|
| 001 | 12360 | ||
| 003 | GE_BSU | ||
| 008 | 181216s||||||||xx |||||||||||||| ||und|| | ||
| 040 | _cGE_BSU | ||
| 080 | _a581.9(479) | ||
| 100 | _aГроссгейм,А.А. | ||
| 245 | _aФлора Кавказа=Kafqaz Floras. Т-1 | ||
| 245 | _bPolipodaceale-Gramineae | ||
| 245 | _cРед.Д.А.Шутов | ||
| 260 | _aБаку | ||
| 260 | _bАзфан | ||
| 260 | _c1939 | ||
| 300 | _a402стр.Карты. 26см. | ||
| 653 | _aФлора Кавказа=Kafqaz Floras | ||
| 942 | _cBK | ||
| 999 |
_c45535 _d45535 |
||